| 000 | 00747nam a2200229 i 4500 | ||
|---|---|---|---|
| 001 | 106962 | ||
| 003 | ES-MaACL | ||
| 005 | 20230906184321.0 | ||
| 007 | t| | ||
| 008 | 061121s1947 sp a |||| | cat d | ||
| 080 | _a821.134.1-31"19" | ||
| 100 | 1 |
_aMoragues, Jerónimo. _982924 |
|
| 245 | 1 | 0 |
_aHistoria d'un gos / _cnovel.la de Jeroni Moragues. |
| 250 | _a1ª ed. | ||
| 260 |
_aBarcelona : _bJosep Janés, _c1947. |
||
| 300 |
_a118 p. ; _c20 cm. |
||
| 490 | 1 | _aBiblioteca de la rosa dels vents | |
| 830 | 0 |
_aBiblioteca de la rosa dels vents _9232871 |
|
| 852 |
_aES-MaACL _jC-4543 _z- Enc. tela |
||
| 852 |
_aES-MaACL _jL-31917 _z- Enc. tela _z. - Donat. herederos de la bibl. de Mª del Pilar Costa Palacín |
||
| 999 |
_c106962 _d106962 |
||